Guava in Malaysia : Production, pests and diseases

Bibliographic Details
Main Author: LIM
Other Authors: KHOO
Format: Book
Published: Kuala Lumpur : Tropical Press , 1990
Subjects:

MARC

LEADER 00000cam a2200000 7i4500
001 0000001088
005 20011204.0
020 0 0 |a 9677300512 
090 0 0 |a 634.421   |b LIM 1990 
100 1 0 |a LIM   |h Tong Kwee 
245 1 0 |a Guava in Malaysia :   |b Production, pests and diseases   |c Lim Tong Kwee, Khoo Khay Chong 
260 0 0 |a Kuala Lumpur :   |b Tropical Press ,   |c 1990 
300 |a xix, 260 p. :   |b col. ill. ;   |c 26 cm. 
500 0 0 |a Bibliography: [p. 235] and index 
650 0 0 |a Fruit   |x Diseases and pests   |z Malaysia 
650 0 0 |a Guava   |z Malaysia 
700 0 1 |a KHOO   |h Khay Chong 
998 |a JPSM 
999 |a 0000002356   |b Monograph   |c Open Shelf   |e Default branch